Rozsypanka literowa - miasta Wielkiej Brytanii - Statystyki

Ogólne statystyki
  • Ten quiz został rozwiązany 13 razy
  • Średni wynik to 7 z 20
Statystyki odpowiedzi
Miasto % Poprawnych
Belfast
100%
Ely
100%
Hull
100%
Londyn
100%
Nottingham
100%
Sheffield
100%
Southampton
100%
York
100%
Liverpool
78%
Leeds
71%
Bath
67%
Birmingham
67%
Perth
60%
Oksford
57%
Aberdeen
50%
Bristol
50%
Derby
50%
Glasgow
50%
Lincoln
50%
Manchester
50%
Stoke
50%
Wells
50%
Winchester
50%
Newcastle
40%
Wolverhampton
40%
Bradford
33%
Cardiff
33%
Edinburgh
33%
Plymouth
33%
Norwich
29%
Leicester
25%
Newport
25%
Cambridge
20%
Portsmouth
20%
Preston
20%
Westminster
20%
Armagh
0%
Bangor
0%
Canterbury
0%
Carlisle
0%
Chelmsford
0%
Chester
0%
Chichester
0%
Coventry
0%
Dundee
0%
Durham
0%
Exeter
0%
Gloucester
0%
Hereford
0%
Inverness
0%
Lancaster
0%
Lichfield
0%
Lisburn
0%
Newry
0%
Peterborough
0%
Ripon
0%
Salford
0%
Salisbury
0%
Stirling
0%
Sunderland
0%
Swansea
0%
Truro
0%
Wakefield
0%
Worcester
0%
Nie znaleziono quizów pasujących do podanych kryteriów
Rozkład punktacji
Procent ludzi z każdym wynikiem
Percentyl według liczby udzielonych odpowiedzi
Twoja historia wyników
Nie rozwiązałeś tego quizu